| 000 | 00809cam a22002292 4500 | ||
|---|---|---|---|
| 001 | 0000018729 | ||
| 005 | 20151217152133.0 | ||
| 008 | 100610s xx 000 0 eng d | ||
| 020 | _a8175348318 : | ||
| 040 |
_aKABU _cKABU |
||
| 100 | 1 |
_aSingh, Justice Yatindra. _@0000178072 |
|
| 245 | 1 | 0 |
_aCyber laws : _ba guide to cyber laws, information technology, computer software ... / _cJustice Yatindra Singh. |
| 250 | _a4th ed. | ||
| 260 |
_aDelhi : _bUniversal law, _c2007. |
||
| 300 | _axxxv, 430 p. | ||
| 650 | 0 |
_aInternet _xLaw and legislation _zIndia. _@0000178073 |
|
| 650 | 0 |
_aElectronic Commerce _xLaw and legislation _zIndia. _@0000178074 |
|
| 650 | 0 |
_aIntellectual property _zIndia. _@0000178075 |
|
| 852 | 1 | _9p720 KES | |
| 908 | _a100610 | ||
| 950 | _@1 | ||
| 999 |
_c8632 _d8632 |
||